| 000 | 01241nam a2200325 a 4500 | ||
|---|---|---|---|
| 001 | 000047805 | ||
| 003 | DO-SdBNP | ||
| 005 | 20220506131911.0 | ||
| 007 | ta | ||
| 008 | 180810s2015 cu b r 000 0 spa d | ||
| 020 | _a9789945462784 | ||
| 040 |
_aDO-SdBNP _bspa _cBNPHU |
||
| 082 | 4 |
_a972.93054 _bM843p, 2015 _222 |
|
| 100 | 1 |
_aMoreno, José A. _958279 |
|
| 245 | 1 | 3 |
_aEl pueblo en armas : _brevolución en Santo Domingo / _cJosé A. Moreno. |
| 250 | _a4ta ed. | ||
| 260 |
_aCuba : _bTecnos, _c2015. |
||
| 300 |
_a431 p. : _bil., map. ; _c23 cm. |
||
| 490 |
_a50 aniversario de la Gesta Patriotica de abril de 1965; _v8 |
||
| 490 |
_aAcademia Dominicana de la Historia; _v129 |
||
| 500 | _aIncluye referencias bibliográficas y notas al pie de las páginas | ||
| 500 | _aIncluye datos biográficos del autor en la solapa de la cubierta e índice de tablas y figuras | ||
| 504 | _aBibliografía : p. 417-431 | ||
| 590 | _aInventariado, 2018/BT | ||
| 651 | 4 |
_aRepública Dominicana _xHistoria _yRevolución, 1965 _92167 |
|
| 830 | 0 |
_a50 aniversario de la Gesta Patriotica de abril de 1965 _n8 _975392 |
|
| 830 | 0 |
_aAcademia Dominicana de la Historia _n129 _975393 |
|
| 910 | _aValidado. control de calidad. MFF | ||
| 942 |
_2ddc _cLBS1 |
||
| 999 |
_c47293 _d47293 |
||